LEADER 01405nam2 2200325 i 450 001 VAN00005015 005 20240806100224.908 010 $a88-14-02734-X 100 $a20020806d1994 |0itac50 ba 101 $aita 102 $aIT 105 $a|||| ||||| 200 1 $aˆLa ‰concorrenza sleale$fGustavo Ghidini 210 $aMilano$cGiuffrè$d1994 215 $aXIII, 492 p.$d25 cm 316 $aSala consultazione - Scaffale 5$5IT-IT-CE0105 CONSXV.D.122598-2601 410 1$1001VAN00061348$12001 $aˆIl ‰codice civile. Commentario 517 1$3VAN00077537$aArtt. 2598-2601. 606 $aConcorrenza sleale$xDiritto$3VANC001129$2FI 620 $dMilano$3VANL000284 676 $a343.45072$cRegolamentazione dell'attività economica. Concorrenza sleale. Italia$v19 700 1$aGhidini$bGustavo$3VANV001432$0120268 712 $aGiuffrè $3VANV109181$4650 801 $aIT$bSOL$c20251114$gRICA 856 4 $u/sebina/repository/catalogazione/documenti/Della concorrenza sleale_8324.pdf$zDella concorrenza sleale_8324.pdf 899 $aBIBLIOTECA DEL DIPARTIMENTO DI GIURISPRUDENZA$1IT-CE0105$2VAN00 912 $aVAN00005015 950 $aBIBLIOTECA DEL DIPARTIMENTO DI GIURISPRUDENZA$d00CONS XV.D.12 2598-2601 $e00 8324 20020806 Sala consultazione - Scaffale 5 996 $aConcorrenza sleale$9191904 997 $aUNICAMPANIA LEADER 01528nam0 2200361 i 450 001 VAN00062576 005 20260407121640.961 010 $a978-04-86607-69-6 100 $a20080114r19241962 |0itac50 ba 101 $aeng 102 $aUS 105 $a|||| ||||| 181 $ai$b e 182 $an 183 $anc 200 1 $aEinstein's theory of relativity$fMax Born 205 $aRevised edition$fprepared with the collaboration of Gunther Leibfried and Walter Biem 210 $aNew York$cDover$d1962 215 $aVII, 376 p.$cill.$d21 cm 300 $aRipubblicazione riveduta e corretta della traduzione in lingua inglese edita: Methuen, 1924 410 1$1001VAN00051686$12001 $aDover books on relativity and related areas$1210 $aNew York$cDover 500 1$3VAN00115890$aEinstein's theory of relativity$948278 606 $a83-XX$xRelativity and gravitational theory [MSC 2020]$3VANC023243$2MF 620 $aUS$dNew York$3VANL000011 700 1$aBorn$bMax$3VANV026538$0306662 712 $aDover $3VANV108158$4650 801 $aIT$bSOL$c20260410$gRICA 856 4 $u/sebina/repository/catalogazione/documenti/ID 62576.pdf$zID 62576.pdf 899 $aBIBLIOTECA DEL DIPARTIMENTO DI MATEMATICA E FISICA$1IT-CE0120$2VAN08 912 $aVAN00062576 950 $aBIBLIOTECA DEL DIPARTIMENTO DI MATEMATICA E FISICA$d08PREST 83-XX 0509 $e08 507 I 20080114 996 $aEinstein's theory of relativity$948278 997 $aUNICAMPANIA